| 000 -LEADER |
| fixed length control field |
00472cam a22001211 4500 |
| 008 - FIXED-LENGTH DATA ELEMENTS--GENERAL INFORMATION |
| fixed length control field |
770728s1948 xx 000 0 eng |
| 082 ## - |
| Classification number |
383.22 |
| 100 ## - MAIN ENTRY--AUTHOR'S NAME |
| Author's Name |
Lindquist, H. L. |
| 245 04 - TITLE STATEMENT |
| Title |
The Stamp specialist forest green book. |
| 260 ## - PUBLICATION, DISTRIBUTION, ETC. (IMPRINT) |
| Place of publication, distribution, etc. |
[New York, |
| Name of publisher, distributor, etc. |
H. L. Lindquist, |
| Date of publication, distribution, etc. |
1948] |
| 500 ## - GENERAL NOTE |
| General note |
"Index to the Stamp specialist, vol. 1, part 1, 1939 through the Forest green book, 1948, prepared by C. S. Hitchins and George M. Martin": p. 123-134. |
| 650 #0 - TOPICAL TERM (Tag) |
| Topical term or geographic name |
Stamp collecting. |